000 02758nam a2200229 a 4500
001 000136939
003 AM-YEHGA
005 20250617122832.0
008 990330s1964 ru ||||gr|||||||||0|rus|d
040 _aAM-YeHGA
041 0 _arus
245 0 0 _aОпределитель насекомых Европейской части СССР :
_bВ 5-ти томах /
_cПод общ. ред. Г.Я. Бей-Биенко.
260 _aЛенинград ;
_aМосква :
_bНаука,
_c1964-
300 _aтом
440 0 _aОпределители по фауне СССР, издаваемые Зоологическим институтом АН СССР
_vВып. 84, 89, 119, 120, 129, 145, 147, 158, 153, 117, 130, 144, 103
505 1 0 _gТ. 1 (1964, 936 с. : ил.) :
_tНизшие, древнекрылые, с неполным превращением /
_rСост. Г.Я. Бей-Биенко и др. ;
_gТ. 2 (1965, 668 с. : ил.) :
_tЖесткокрылые и веерокрылые /
_rСост. А.В. Алексеев и др. ;
_gТ. 3, Ч. 1 (1978, 584 с. : ил.) :
_tПерепончатокрылые /
_rСост. К.В. Арнольди и др. ;
_gТ. 3, Ч. 2 (1978, 757 с. : ил.) :
_tПерепончатокрылые /
_rСост. В.Н. Алексеев и др. ;
_gТ. 3, Ч. 3 (1981, 688 с. : ил.) :
_tПерепончатокрылые /
_rСост. А.С. Атанасов и др. ;
_gТ. 3, Ч. 4 (1986, 500 с.) :
_tПерепончатокрылые /
_rСост. В.И. Тобиас и др. ;
_gТ. 3, Ч. 5 (1986, 308 с.) :
_tПерепончатокрылые /
_rСост. В.И. Тобиас и др. ;
_gТ. 3, Ч. 6 (1988, 268 с. : ил.) :
_tПерепончатокрылые /
_rСост.: А.Н. Желоховцев и др. ;
505 1 0 _gТ. 4, Ч. 1 (1978, 712 с. : ил.) :
_tЧешуекрылые /
_rСост. А.К. Загуляев и др. ;
_gТ. 4, Ч. 2 (1981, 788 с. : ил.) :
_tЧешуекрылые /
_rСост.: А.К. Загуляев и др. ;
_gТ. 4, Ч. 3 (1986, 504 с. : ил.) :
_tЧешуекрылые /
_rСост.: А.К. Загуляев и др. ;
_gТ. 4, Ч. 6 (1987, 200 с.) :
_tБольшекрылые, верблюдки, сетчатокрылые, скорпионовые мухи, р учейники /
_rСост. Т.С. Вшивкова и др. ;
_gТ. 5, Ч. 1 (1969, 800 с. : ил.) :
_tДвукрылые, блохи /
_rА.А. Гербачевская и др. ;
_gТ. 5, Ч. 2 (1970, 943 с. : ил.) :
_tДвукрылые блохи /
_rА.А. Гербачевская и др.
650 1 4 _aНасекомые
_vОпределители
700 1 _aБей-Биенко, Григорий Яковлевич
_eред.
_4edt
942 _2udc
_cBK
090 _c46616
999 _c45873
_d45873